| 000 | 004510000a22001810004500 | ||
|---|---|---|---|
| 003 | MACL | ||
| 005 | 20160122155531.0 | ||
| 008 | 160122b xxu||||| |||| 00| 0 eng d | ||
| 040 |
_aMACL _cMACL |
||
| 041 | _aEnglish | ||
| 082 | _a510/AGG | ||
| 100 |
_aAggarwal, R S _933309 |
||
| 245 | _aMathemetics for NDA and NA | ||
| 260 |
_bS Chand & Company LTD _c2002 _aNew Delhi |
||
| 350 | _a275 | ||
| 650 |
_aMathematics _95682 |
||
| 942 |
_cBK _k510/AGG _2ddc |
||
| 999 |
_c33485 _d33485 |
||